000 01191nam a2200313 i 4500
001 bg
003 KOSZ 005
005 20201015082749.0
008 010612s2001 pl |000 0 pol
015 _aPB 2001/10497
020 _a8372711054
035 _a(OCoLC)233499398
040 _aWA N
_cKOSZ005/HR
_dKOSZ005/HR
080 _a659.3(091)
080 _a621.39(091)
100 1 _aGoban-Klas, Tomasz
_d(1942- )
_eAutor
245 1 0 _aPowstanie i rozwój mediów :
_bod malowideł naskalnych do multimediów /
_cTomasz Goban Klas ; kalendarium oprac. Zbigniew Bauer.
246 1 4 _aZarys historii i rozwoju mediów.
260 _aKraków :
_bWydaw. Naukowe AP - Akademii Pedagogicznej,
_c2001.
300 _a166, [2] s. ;
_c21 cm.
380 _aKsiążki.
500 _aTyt. okł.: Zarys historii i rozwoju mediów.
650 4 _aŚrodki masowego przekazu
_xhistoria.
_zhistoria.
650 4 _aTelekomunikacja
_xhistoria.
658 _aMedia i komunikacja społeczna
700 1 _aBauer, Zbigniew
_d(1952-2014).
_eOpracowanie
856 _uhttp://koha.tu.koszalin.pl/cgi-bin/koha/opac-detail.pl?biblionumber=40364
_yKatalog online BPK
942 _2UKD
_cKS
999 _c40364
_d40364